LEADER 01906nam 2200517 450 001 9910703520503321 005 20150225132832.0 035 $a(CKB)5470000002432499 035 $a(OCoLC)904021811 035 $a(EXLCZ)995470000002432499 100 $a20150225j198401 ua 0 101 0 $aeng 135 $aurbn||||||||| 181 $ctxt$2rdacontent 182 $cc$2rdamedia 183 $acr$2rdacarrier 200 10$aTabulations of ambient ozone data obtained by GASP airliners, March 1975 to July 1979 /$fWilliam H. Jasperson and James D. Holdeman 210 1$aCleveland, Ohio :$cNational Aeronautics and Space Administration, Lewis Research Center,$dJanuary 1984. 215 $a1 online resource (138, pages) $cillustrations 225 1 $aNASA technical memorandum ;$v82742 300 $aTitle from title screen (viewed Feb. 10, 2015). 300 $a"January 1984." 320 $aIncludes bibliographical references (pages 137-138). 517 3 $aTabulations of ambient ozone data obtained by Global Air Sampling Program airliners 606 $aOzone$2nasat 606 $aSpatial resolution$2nasat 606 $aStandard deviation$2nasat 606 $aClimatology$2nasat 606 $aGlobal Air Sampling Program$2nasat 606 $aTemporal resolution$2nasat 615 7$aOzone. 615 7$aSpatial resolution. 615 7$aStandard deviation. 615 7$aClimatology. 615 7$aGlobal Air Sampling Program. 615 7$aTemporal resolution. 700 $aJasperson$b W. H.$01396133 702 $aHoldeman$b J. D. 712 02$aLewis Research Center, 712 02$aUnited States.$bNational Aeronautics and Space Administration, 801 0$bGPO 801 1$bGPO 906 $aBOOK 912 $a9910703520503321 996 $aTabulations of ambient ozone data obtained by GASP airliners, March 1975 to July 1979$93455722 997 $aUNINA LEADER 01751oam 2200577I 450 001 9910783624603321 005 20240102235709.0 010 $a1-134-53903-7 010 $a1-134-53904-5 010 $a0-415-24753-5 010 $a1-280-03209-X 010 $a9786610032099 010 $a0-203-64705-X 024 7 $a10.4324/9780203647059 035 $a(MiAaPQ)EBC200038 035 $a(Au-PeEL)EBL200038 035 $a(CaPaEBR)ebr10166240 035 $a(CaONFJC)MIL3209 035 $a(OCoLC)475908557 035 $a(OCoLC)56545441 035 $a(CKB)1000000000249021 035 $a(EXLCZ)991000000000249021 100 $a20180331d2004 uy 0 101 0 $aeng 135 $aurun#|||uuuuu 200 00$aCyberculture $ethe key concepts /$fDavid Bell. [et al.] 210 1$aLondon ;$aNew York :$cRoutledge,$d2004. 215 $a201p 225 1 $aRoutledge key guides 300 $aDescription based upon print version of record. 311 $a0-203-68664-0 311 $a0-415-24754-3 320 $aIncludes bibliographical references (p.196-205) and index. 327 $achapter KEY CONCEPTS -- THE KEY CONCEPTS. 410 0$aRoutledge key guides. 606 $aInformation technology$xSocial aspects$vEncyclopedias 606 $aComputers and civilization$vEncyclopedias 606 $aInternet$vEncyclopedias 615 0$aInformation technology$xSocial aspects 615 0$aComputers and civilization 615 0$aInternet 676 $a303.48/34 686 $a05.20$2bcl 701 $aBell$b David$f1965 Feb. 12-$01464882 801 0$bMiAaPQ 801 1$bMiAaPQ 801 2$bMiAaPQ 906 $aBOOK 912 $a9910783624603321 996 $aCyberculture$93674691 997 $aUNINA LEADER 03147oam 2200661I 450 001 9910783965603321 005 20230617010657.0 010 $a1-135-44367-X 010 $a1-135-44368-8 010 $a1-280-22417-7 010 $a9786610224173 010 $a0-203-08693-7 024 7 $a10.4324/9780203086933 035 $a(CKB)1000000000253893 035 $a(EBL)243298 035 $a(OCoLC)73816474 035 $a(SSID)ssj0000249469 035 $a(PQKBManifestationID)11196046 035 $a(PQKBTitleCode)TC0000249469 035 $a(PQKBWorkID)10228833 035 $a(PQKB)10497436 035 $a(MiAaPQ)EBC243298 035 $a(Au-PeEL)EBL243298 035 $a(CaPaEBR)ebr10162819 035 $a(CaONFJC)MIL22417 035 $a(OCoLC)61731856 035 $a(EXLCZ)991000000000253893 100 $a20180331d2005 uy 0 101 0 $aeng 135 $aur|n|---||||| 181 $ctxt 182 $cc 183 $acr 200 10$aSpeaking the unspeakable $ethe ethics of dual relationships in counselling and psychotherapy /$fLynne Gabriel 210 1$aLondon ;$aNew York :$cRoutledge,$d2005. 215 $a1 online resource (217 p.) 300 $aDescription based upon print version of record. 311 $a1-58391-985-6 311 $a1-58391-984-8 320 $aIncludes bibliographical references (p. [179]-192) and index. 327 $aIntroduction and overview -- Dual and multiple role relationships in counselling and psychotherapy -- Sexual dual relationships -- Non-sexual dual or multiple role relationships -- Roles and boundaries in dual and multiple role relationships -- Dual relationships and relational ethics -- Client and practitioner dual and multiple role relationships -- Client experiences of being in non-sexual dual or multiple role relationships -- Practitioner experiences of being in non-sexual dual or multiple role relationships -- Developing a relational ethic for complex relationships -- Concluding comments. 330 $aAre dual relationships always detrimental? Speaking the Unspeakable provides an in-depth exploration of client-practitioner dual relationships, offering critical discussion and sustained narrative on thinking about and being in dual relationships.Lynne Gabriel draws on the experiences of both practitioners and clients to provide a clear summary of the complex and multidimensional nature of dual relationships. The beneficial as well as detrimental potential of such relationships is discussed and illustrated with personal accounts. Subjects covered include: · roles and bound 606 $aCounselor and client 606 $aCounselors$xProfessional ethics 606 $aPsychotherapists$xProfessional ethics 615 0$aCounselor and client. 615 0$aCounselors$xProfessional ethics. 615 0$aPsychotherapists$xProfessional ethics. 676 $a158/.3 686 $a77.72$2bcl 700 $aGabriel$b Lynne.$0506214 801 0$bMiAaPQ 801 1$bMiAaPQ 801 2$bMiAaPQ 906 $aBOOK 912 $a9910783965603321 996 $aSpeaking the unspeakable$9782201 997 $aUNINA